| 000 | 00456nam a22001817a 4500 | ||
|---|---|---|---|
| 005 | 20260530125611.0 | ||
| 008 | 260530b |||||||| |||| 00| 0 eng d | ||
| 020 |
_a9783111356136 _c3699.11 |
||
| 040 | _aMAIN | ||
| 041 | _aGerman | ||
| 082 |
_a801.93 _bHAN |
||
| 100 |
_aBerndt, Frauke (ed) _926942 |
||
| 245 | _aHandbuch Literatur And Philosophie | ||
| 260 |
_aBerlin _bDe Gruyter _c2023 |
||
| 300 | _a614 | ||
| 650 | _aGerman Language | ||
| 942 | _cBK | ||
| 999 |
_c60923 _d60923 |
||